000 02045nam a22004695 4500
001 FLCBK0028093016
003 CoBoFLC
005 20230629184121.0
008 210924s2021 enka j 000 0 spa d
020 _a9781786286406
_q(paperback)
020 _a1786286408
_q(paperback)
040 _aCoBoFLC
_beng
_erda
_dCoBoFLC
_csjds
041 1 _aspa
_heng
082 0 4 _a[E]
_223/2021
_qCoBoFLC
100 1 _aSpanyol, Jessica,
_eauthor,
_eillustrator.
245 1 0 _aRosa y el experimento del gran puente =
_bRosa's big bridge experiment /
_cJessica Spanyol ; [traduccion de Yanitzia Canetti].
246 3 1 _aRosa's big bridge experiment.
260 _aSwindon, UK :
_bChild's Play (International) Ltd,
_cc2021.
264 1 _aSwindon, UK :
_bChild's Play (International) Ltd,
_c[2021]
264 4 _cc2021.
300 _a1 volume (unpaged) :
_bcolor illustrations ;
_c21 cm.
336 _atext
_btxt
_2rdacontent.
336 _astill image
_bsti
_2rdacontent.
337 _aunmediated
_bn
_2rdamedia.
338 _avolume
_bnc
_2rdacarrier.
490 0 _aRosa's workshop.
500 _a"STEM"--Cover.
520 _a℗ŁRosa y sus amigos regresan por m©Łs diversi©đn haciendo expermentos b©Łsicos que abarcan ciencia, tecnolog©Ưa, ingenier©Ưa y habilidades num©♭ricas!--
_cPage 4 of cover.
520 _a"Rosa and her friends return for more fun, conducting basic experiments involving science, technology, engineering and number skills!"--
_cPage 4 of cover.
546 _aText in Spanish and English.
546 _aTexto en espa©łol e ingl©♭s.
650 0 _aBridges
_vJuvenile fiction.
650 0 _aBridges
_xDesign and construction
_vJuvenile fiction.
650 0 _aEngineering
_vJuvenile fiction.
650 0 _aFriendship
_vJuvenile fiction.
655 0 _aSpanish language materials
_xBilingual
_vJuvenile literature.
655 4 _aBilingual books.
655 7 _aMateriales en espanol
_xBilingue.
_2local.
655 7 _aLibros biling©ơes.
_2bidex.
700 _aCanetti, Yanitzia
_etranslator
942 _cBK
_2ddc
999 _c28252
_d28252